| 000 | 00622nam a2200193Ia 4500 | ||
|---|---|---|---|
| 005 | 20250923145121.0 | ||
| 008 | 008 250917s9999 xx 000 0 eng d | ||
| 037 | _aTextual | ||
| 040 |
_aDSWL _beng _cDSWL |
||
| 041 |
_aeng _2eng |
||
| 084 |
_aYx,z1;5,6p75.z1, N51 _qDSWL |
||
| 245 | 0 |
_aLatin American seminar on the prevention of crime the treatment of offenders 1953 _cby United Nations |
|
| 260 |
_aNew York _b U.N.Dept of Eco. & Social Affair _c1954 |
||
| 300 | _avi,71 p. | ||
| 365 |
_aUSD _b0.8 |
||
| 925 | _g0.8 | ||
| 942 |
_cTEXL _hYx,z1;5,6p75.z1, N51 |
||
| 999 |
_c1447345 _d1447345 |
||